| 000 -LEADER |
| fixed length control field |
00784nam a2200217Ia 4500 |
| 001 - CONTROL NUMBER |
| control field |
3305 |
| 003 - CONTROL NUMBER IDENTIFIER |
| control field |
GE_BSU |
| 008 - FIXED-LENGTH DATA ELEMENTS--GENERAL INFORMATION |
| fixed length control field |
181216s||||||||xx |||||||||||||| ||und|| |
| 040 ## - CATALOGING SOURCE |
| Transcribing agency |
GE_BSU |
| 080 ## - UNIVERSAL DECIMAL CLASSIFICATION NUMBER |
| Universal Decimal Classification number |
624.012.45 |
| 100 ## - MAIN ENTRY--PERSONAL NAME |
| Personal name |
Улицкий,И.И. Ривкин,С.А. Самолетов,М.В. и др. |
| 245 ## - TITLE STATEMENT |
| Title |
Железобетонные конструкции расчет и конструирование. |
| 245 ## - TITLE STATEMENT |
| Statement of responsibility, etc. |
Под ред. С.А. Ривкина. |
| 250 ## - EDITION STATEMENT |
| Edition statement |
Изд. третье, перераб. и допол. |
| 260 ## - PUBLICATION, DISTRIBUTION, ETC. |
| Place of publication, distribution, etc. |
Киев. |
| 260 ## - PUBLICATION, DISTRIBUTION, ETC. |
| Name of publisher, distributor, etc. |
Будiвельник. |
| 260 ## - PUBLICATION, DISTRIBUTION, ETC. |
| Date of publication, distribution, etc. |
1973. |
| 300 ## - PHYSICAL DESCRIPTION |
| Extent |
784 стр. 27 см. |
| 653 ## - INDEX TERM--UNCONTROLLED |
| Uncontrolled term |
Железобетонные конструкции расчет и конструирование |
| 942 ## - ADDED ENTRY ELEMENTS (KOHA) |
| Koha item type |
წიგნი |